000 00412nam a2200181Ia 4500
008 210210b1937 xxu||||| |||| 00| 0 eng d
041 _aeng
082 _a828/512
100 _aPRIESTLY (J B)
245 _aMidnight on the desert
260 _aLondon
_bWilliam Heinemann Ltd.
_c1937
650 _athe
650 _aon
650 _aMidnight
650 _adesert
690 _aBiography
906 _a016357
999 _c135859
_d135859